LEADER 02215nam 2200517Ia 450 001 9910698203303321 005 20070711144032.0 035 $a(CKB)1000000000744211 035 $a(OCoLC)154319821 035 $a(EXLCZ)991000000000744211 100 $a20070711d2007 ua 0 101 0 $aeng 135 $aurbn||||||||| 181 $ctxt$2rdacontent 182 $cc$2rdamedia 183 $acr$2rdacarrier 200 10$aPublic elementary and secondary school student enrollment, high school completions, and staff from the Common Core of Data$b[electronic resource] $eschool year 2005-06 /$fJennifer Sable, Anthony Garofano 210 1$aWashington, DC :$cNational Center for Education Statistics, Institute of Education Sciences, U.S. Dept. of Education,$d[2007] 215 $a1 volume (various pagings) $cdigital, PDF file 300 $aTitle from title screen (viewed on June 29, 2007). 300 $a"June 2007." 300 $a"CCD, common core of data." 300 $a"First Look." 300 $a"NCES 2007-352." 320 $aIncludes bibliographical references. 517 $aPublic elementary and secondary school student enrollment, high school completions, and staff from the Common Core of Data 531 $aPUBLIC ELEMENTARY & SECONDARY SCHOOL STUDENT ENROLLMENT, HIGH SCHOOL COMPLETIONS & STAFF FROM THE COMMON CORE OF DATA 606 $aPublic schools$zUnited States$vStatistics 606 $aSchool enrollment$zUnited States$vStatistics 606 $aSchool employees$zUnited States$vStatistics 606 $aSchool districts$zUnited States$vStatistics 608 $aStatistics.$2lcgft 615 0$aPublic schools 615 0$aSchool enrollment 615 0$aSchool employees 615 0$aSchool districts 700 $aSable$b Jennifer$01382507 701 $aGarofano$b Anthony$01402195 712 02$aNational Center for Educational Statistics. 712 02$aInstitute of Education Sciences (U.S.) 801 0$bGPO 801 1$bGPO 906 $aBOOK 912 $a9910698203303321 996 $aPublic elementary and secondary school student enrollment, high school completions, and staff from the Common Core of Data$93472205 997 $aUNINA LEADER 03464nam 22006852 450 001 9910784311003321 005 20151005020621.0 010 $a1-107-14925-8 010 $a1-280-47790-3 010 $a0-511-19532-X 010 $a0-511-19598-2 010 $a0-511-19392-0 010 $a0-511-31433-7 010 $a0-511-51193-0 010 $a0-511-19466-8 035 $a(CKB)1000000000353128 035 $a(EBL)259896 035 $a(OCoLC)171138789 035 $a(SSID)ssj0000233667 035 $a(PQKBManifestationID)11202643 035 $a(PQKBTitleCode)TC0000233667 035 $a(PQKBWorkID)10236484 035 $a(PQKB)11488005 035 $a(UkCbUP)CR9780511511936 035 $a(MiAaPQ)EBC259896 035 $a(Au-PeEL)EBL259896 035 $a(CaPaEBR)ebr10130382 035 $a(CaONFJC)MIL47790 035 $a(OCoLC)935232762 035 $a(EXLCZ)991000000000353128 100 $a20090312d2004|||| uy| 0 101 0 $aeng 135 $aur||||||||||| 181 $ctxt$2rdacontent 182 $cc$2rdamedia 183 $acr$2rdacarrier 200 10$aRebuilding Germany $ethe creation of the social market economy, 1945-1957 /$fJames C. Van Hook$b[electronic resource] 210 1$aCambridge :$cCambridge University Press,$d2004. 215 $a1 online resource (xiv, 312 pages) $cdigital, PDF file(s) 300 $aTitle from publisher's bibliographic system (viewed on 05 Oct 2015). 311 $a0-521-03996-7 311 $a0-521-83362-0 320 $aIncludes bibliographical references (p. 297-302) and index. 327 $aCover; Half-title; Title; Copyright; Dedication; Contents; Preface; List of Abbreviations; Introduction; 1 Planning for Reconstruction; 2 The Future of the Ruhr; 3 High Hopes and Disappointment: The SPD and the Planning Regime, 1945-47; 4 Ludwig Erhard, the CDU, and the Free Market; 5 Free Markets, Investment, and the Ruhr; 6 The Social Market Economy and Competition; Conclusion; Bibliography; Index 330 $aThe social market economy has served as a fundamental pillar of post-war Germany. Today, it is associated with the European welfare state. Initially, it meant the opposite. Rebuilding Germany examines the 1948 West German economic reforms that dismantled the Nazi command economy and ushered in the fabled 'European Miracle' of the 1950s. Van Hook evaluates the US role in German reconstruction, the problematic relationship of Chancellor Konrad Adenauer and his economics minister, Ludwig Erhard, the West German 'economic miracle', and the extent to which the social market economy represented a departure from the German past. In a nuanced and fresh account, Van Hook evaluates the American role in West German recovery and the debates about economic policy within West Germany, to show that Germans themselves had surprising room to shape their economic and industrial system. 606 $aFree enterprise 607 $aGermany (West)$xEconomic policy 607 $aGermany (West)$xEconomic conditions 607 $aGermany (West)$xSocial policy 607 $aUnited States$xForeign relations$zGermany (West) 607 $aGermany (West)$xForeign relations$zUnited States 615 0$aFree enterprise. 676 $a330.943/0875 700 $aVan Hook$b James C.$f1968-$01491644 801 0$bUkCbUP 801 1$bUkCbUP 906 $aBOOK 912 $a9910784311003321 996 $aRebuilding Germany$93713536 997 $aUNINA